E10(東九州道・宮崎道)のIC - Statistics

General Stats
  • This quiz has been taken 57 times
    56 since last reset
  • The average score is 37 of 59
Answer Stats
Answers % Correct
PA 宮崎
97%
IC 宮崎
97%
IC 大分
95%
IC 佐伯
95%
JCT/IC 延岡
95%
IC 別府
92%
IC 都城
90%
IC 中津
87%
IC 臼杵
82%
IC 津久見
82%
IC 日向
82%
JCT 北九州
79%
IC 豊前
79%
JCT えびの
79%
IC 宇佐
77%
IC 小林
77%
JCT 日出
74%
IC 高鍋
74%
IC 行橋
72%
IC 西都
72%
IC 都農
69%
IC 清武
69%
JCT 清武
69%
PA 清武
69%
JCT 清武
69%
IC 延岡南
67%
SA/SIC 別府湾
64%
IC 宮崎西
64%
IC 苅田北九州空港
62%
IC 北川
62%
SIC 国富
62%
PA/SIC 上毛
59%
IC 門川
59%
PA 川南
59%
IC 高原
56%
SA 霧島
56%
IC 田野
54%
SA/SIC 山之口
54%
IC 築城
51%
IC 大分米良
51%
IC 蒲江
51%
IC 大分光吉
49%
IC 北浦
49%
IC 椎田
46%
IC 安心院
46%
IC 大分農業文化公園
46%
SIC 門川南
46%
IC 院内
44%
IC 速見
44%
PA/SIC 今川
38%
IC みやこ豊津
38%
IC 椎田南
38%
PA 大分松岡
38%
IC 大分宮河内
38%
PA 佐伯弥生
38%
IC 須美江
38%
IC 蒲江波当津
36%
PA 日向高崎
36%
IC 佐伯堅田
31%
No matching quizzes found
Score Distribution
Percent of People with Each Score
Percentile by Number Answered
Your Score History
You have not taken this quiz since the last reset